Double Down Words Quiz Stats

 Plays Quiz Updated May 8, 2014

Support Sporcle.
Go Orange.
Score 0/20 Timer 05:00
1 Play Today
Short Answer Clue Longer Answer % Correct
Rudolph's was red and glowedNOSE / NOOSE
92.6%
French for fat: Mardi ___GRAS / GRASS
92.1%
A prolonged medical state of deep unconsciousnessCOMA / COMMA
90.6%
A dry, barren area of landDESERT / DESSERT
89.8%
Singer Michael with hit 'Haven't Met You Yet'BUBLÉ / BUBBLE
89.1%
Fashion and fragrance designer CocoCHANEL / CHANNEL
86.4%
To bring a task to its endFINISH / FINNISH
85%
Stance for a staged photoPOSE / POSSE
84.2%
Sacred or dedicated to GodHOLY / HOLLY
81.8%
Move by jumping on one footHOP / HOOP
81.3%
Short Answer Clue Longer Answer % Correct
Part of a set of stairsSTEP / STEEP
80%
The overall quality of a musical or vocal soundTONE / TONNE
70.7%
Sean Astin football movie at Notre Dame RUDY / RUDDY
68%
A source of dangerHAZARD / HAZZARD
66.2%
The sound of a spring unspringingBOING / BOOING
53.8%
'This Old House' TV host BobVILA / VILLA
53.4%
ConcernsCARES / CARESS
53.2%
One who viciously chomps with teethBITER / BITTER
51.6%
1,000 ccLITER / LITTER
45.4%
RageFURY / FURRY
24.3%

You're not logged in!

Compare scores with friends on all Sporcle quizzes.
OR
Log In
Forgot?

From the Vault

History Books: The Subtitles IX

by MoMosMoProblems

Maybe if history textbooks had cooler subtitles people would read them more.
Remove Ads.
Support Sporcle.
Get the best of Sporcle when you Go Orange. This ad-free experience offers more features, more stats, and more fun while also helping to support Sporcle. Thank you for becoming a member.

Show Comments

Extras

Top Quizzes Today


Score Distribution

Your Account Isn't Verified!

In order to create a playlist on Sporcle, you need to verify the email address you used during registration. Go to your Sporcle Settings to finish the process.

Report this User

Report this user for behavior that violates our Community Guidelines.

Details: